000 00920nam a2200289Ia 4500
005 20240411144032.0
008 210716s2011 xx 000 0 und d
020 _a9789352866489
040 _cAIMIT LIBRARY
041 _aeng
082 _a005.763
_210
_bTURE
100 _aTurban, Efraim.
_947654
245 _aBusiness intelligence and analytics /
_cBy By Efraim Turban...[et.al.].
250 _a10th ed.
260 _aNoida :
_bPearson India education services Pvt.ltd ,
_c2018.
300 _a686p. ;
_c25 cm.
_bPB
650 _aPrescriptive anlytics.
_947655
650 _aTechniques for predictive modeling.
_947656
650 _947657
700 _aSharda, Ramesh.
_947658
700 _aDelen, Dursun.
_947659
700 _aTurban, Efraim.
_9159675
700 _aAronson, J E.
_9159676
700 _aLiang Ting-Peng.
_9159677
700 _aKing, David.
_9159678
942 _2ddc
_cBK
_e10th
_k005.763 TURE
999 _c230698
_d230698